000 00890nam a22002177a 4500
999 _c1384
_d1384
003 AR-CdUCM
008 190226b ||||| |||| 00| 0 spa d
040 _aMUNICIPALIDAD PROVINCIAL DEL CUSCO
_cBIBLIOTECA MUNICIPAL DEL CUSCO
082 _a332.6773 /
_bF42
100 _aFeuerlein, Willy
_95271
245 _aDólares en la América Latina /
260 _aMéxico :
_bFondo de Cultura Económica,
_c1944.
300 _a207 paginas ;
_c19 cm
505 _aInversiones y defensa del ministerio --Mora en la deuda exterior de dolares --La suerte de las inversiones directas --Nuevos derroteros de la política de estados unidos hacia la américa latina ...
650 _aInversiones en América Latina
_95272
650 _aDeuda externa
_93267
650 _aCooperación económica
_95273
700 _aHannan, Javet Elizabeth
_95274
942 _2ddc
_cLIBROS
945 _arjall
_d2019-02-26